[Event "Karaj Alborz Parsa School"]
[Site "Karaj"]
[Date "2017.10.29"]
[Round "4.5"]
[White "Nazifi, Hasan"]
[Black "Kianzad, Iliya"]
[Result "1-0"]
[WhiteElo "1394"]
[BlackElo "1132"]
[PlyCount "61"]
[EventDate "2017.10.12"]
[EventType "swiss"]
[EventRounds "9"]
[EventCountry "IRI"]
[SourceTitle "EXT 2024"]
[Source "ChessBase"]
[SourceDate "2023.10.10"]
[SourceVersion "1"]
[SourceVersionDate "2023.10.10"]
[SourceQuality "1"]

1. d4 d5 2. c4 dxc4 3. Nc3 Bf5 4. e4 Bg6 5. Bxc4 e6 6. f4 Bb4 7. Bd3 Nc6 8. Nf3 Qd7 9. Be3 0-0-0 10. 0-0 Nf6 11. d5 exd5 12. exd5 Bxc3 13. Bxg6 hxg6 14. dxc6 Qxc6 15. Qb3 Nd5 16. Bf2 Bb4 17. Rac1 Qd6 18. Rfd1 Qe6 19. Rxd5 Rxd5 20. Qxb4 Qe2 21. Qc3 Qe7 22. Bxa7 b6 23. Bxb6 Kd8 24. Bxc7+ Ke8 25. Re1 Rd1 26. Rxd1 Kf8 27. Bd6 Qxd6 28. Rxd6 Kg8 29. Rd8+ Kh7 30. Ng5+ Kh6 31. Qh3# 1-0